<?xml version="1.0" encoding="UTF-8"?>
<record
    xmlns:xsi="http://www.w3.org/2001/XMLSchema-instance"
    xsi:schemaLocation="http://www.loc.gov/MARC21/slim http://www.loc.gov/standards/marcxml/schema/MARC21slim.xsd"
    xmlns="http://www.loc.gov/MARC21/slim">

  <leader>02147nam a22002894i 4500</leader>
  <controlfield tag="003">PE-LiUPU</controlfield>
  <controlfield tag="005">20260218145558.0</controlfield>
  <controlfield tag="008">110000s2011    bl a          000 0 por d</controlfield>
  <datafield tag="020" ind1=" " ind2=" ">
    <subfield code="a">9788531112836</subfield>
  </datafield>
  <datafield tag="040" ind1=" " ind2=" ">
    <subfield code="a">PE-LiUPU</subfield>
    <subfield code="b">por</subfield>
    <subfield code="c">PE-LiUPU</subfield>
    <subfield code="e">rda</subfield>
  </datafield>
  <datafield tag="082" ind1="0" ind2="4">
    <subfield code="a">220.569</subfield>
    <subfield code="b">S678b</subfield>
    <subfield code="2">23</subfield>
  </datafield>
  <datafield tag="110" ind1=" " ind2=" ">
    <subfield code="a">Sociedade B&#xED;blica do Brasil,</subfield>
    <subfield code="e">editor.</subfield>
    <subfield code="9">8082</subfield>
  </datafield>
  <datafield tag="245" ind1="1" ind2="0">
    <subfield code="a">B&#xED;blia Sagrada :</subfield>
    <subfield code="b">Pobreza e Justi&#xE7;a -- Nova Tradu&#xE7;&#xE3;o na Linguagem de Hoje /</subfield>
    <subfield code="c">Adaptaci&#xF3;n, edici&#xF3;n y diagramaci&#xF3;n: Sociedade B&#xED;blica do Brasil.</subfield>
  </datafield>
  <datafield tag="264" ind1=" " ind2="1">
    <subfield code="a">Barueri, SP :</subfield>
    <subfield code="b">Sociedade B&#xED;blica do Brasil,</subfield>
    <subfield code="c">2011.</subfield>
  </datafield>
  <datafield tag="300" ind1=" " ind2=" ">
    <subfield code="a">1280 p&#xE1;ginas :</subfield>
    <subfield code="b">ilustraciones ;</subfield>
    <subfield code="c">23 cm</subfield>
  </datafield>
  <datafield tag="336" ind1=" " ind2=" ">
    <subfield code="a">text</subfield>
    <subfield code="2">rdacontent</subfield>
  </datafield>
  <datafield tag="337" ind1=" " ind2=" ">
    <subfield code="a">unmediated</subfield>
    <subfield code="2">rdamedia</subfield>
  </datafield>
  <datafield tag="338" ind1=" " ind2=" ">
    <subfield code="a">volume</subfield>
    <subfield code="2">rdacarrier</subfield>
  </datafield>
  <datafield tag="500" ind1=" " ind2=" ">
    <subfield code="a">Incluye notas, referencias, vocabulario e introducciones.</subfield>
  </datafield>
  <datafield tag="505" ind1="0" ind2=" ">
    <subfield code="a">Pref&#xE1;cio para a Nova Tradu&#xE7;&#xE3;o na Linguagem de Hoje -- Nota sobre os Aux&#xED;lios para o Leitor -- Antigo Testamento: G&#xEA;nesis -- &#xCA;xodo -- Lev&#xED;tico -- N&#xFA;meros -- Deuteron&#xF4;mio -- Josu&#xE9; -- Ju&#xED;zes -- Rute -- 1 Samuel -- 2 Samuel -- 1 Reis -- 2 Reis -- 1 Cr&#xF4;nicas -- 2 Cr&#xF4;nicas -- Esdras -- Neemias -- Ester -- J&#xF3; -- Salmos -- Prov&#xE9;rbios -- Eclesiastes -- C&#xE2;ntico dos C&#xE2;nticos -- Isa&#xED;as -- Jeremias -- Lamenta&#xE7;&#xF5;es de Jeremias -- Ezequiel -- Daniel -- Oseias -- Joel -- Am&#xF3;s -- Obadias -- Jonas -- Miqueias -- Naum -- Habacuque -- Sofonias -- Ageu -- Zacarias -- Malaquias -- Novo Testamento: Mateus -- Marcos -- Lucas -- Jo&#xE3;o -- Atos dos Ap&#xF3;stolos -- Romanos -- 1 Cor&#xED;ntios -- 2 Cor&#xED;ntios -- G&#xE1;latas -- Ef&#xE9;sios -- Filipenses -- Colossenses -- 1 Tessalonicenses -- 2 Tessalonicenses -- 1 Tim&#xF3;teo -- 2 Tim&#xF3;teo -- Tito -- Filemom -- Hebreus -- Tiago -- 1 Pedro -- 2 Pedro -- 1 Jo&#xE3;o -- 2 Jo&#xE3;o -- 3 Jo&#xE3;o -- Judas -- Apocalipse -- Vocabul&#xE1;rio.</subfield>
  </datafield>
  <datafield tag="630" ind1="1" ind2="4">
    <subfield code="a">Biblia.</subfield>
    <subfield code="l">Portugu&#xEA;s.</subfield>
    <subfield code="s">Nova Tradu&#xE7;&#xE3;o na Linguagem de Hoje.</subfield>
  </datafield>
  <datafield tag="650" ind1="2" ind2="4">
    <subfield code="a">Pobreza</subfield>
    <subfield code="x">Aspectos b&#xED;blicos</subfield>
    <subfield code="9">8152</subfield>
  </datafield>
  <datafield tag="650" ind1="2" ind2="4">
    <subfield code="a">Justicia</subfield>
    <subfield code="x">Aspectos b&#xED;blicos</subfield>
    <subfield code="9">8151</subfield>
  </datafield>
  <datafield tag="710" ind1=" " ind2=" ">
    <subfield code="a">Sociedade B&#xED;blica Brit&#xE2;nica e Estrangeira.</subfield>
    <subfield code="9">8083</subfield>
  </datafield>
  <datafield tag="942" ind1=" " ind2=" ">
    <subfield code="2">ddc</subfield>
    <subfield code="c">BK</subfield>
  </datafield>
  <datafield tag="980" ind1=" " ind2=" ">
    <subfield code="6">18228</subfield>
    <subfield code="a">Rebeca Esther Huerta Leyton</subfield>
    <subfield code="8">18226</subfield>
    <subfield code="g">Jaime Vilcaz&#xE1;n Jefe de An&#xE1;lisis Documental</subfield>
  </datafield>
  <datafield tag="999" ind1=" " ind2=" ">
    <subfield code="c">63299</subfield>
    <subfield code="d">63298</subfield>
  </datafield>
  <datafield tag="952" ind1=" " ind2=" ">
    <subfield code="r">2026-03-15 14:25:13</subfield>
    <subfield code="l">0</subfield>
    <subfield code="o">220.569 S678b</subfield>
    <subfield code="p">83095</subfield>
    <subfield code="t">e1</subfield>
    <subfield code="v">33.71</subfield>
    <subfield code="w">2026-02-17</subfield>
    <subfield code="x">FACTEO</subfield>
    <subfield code="y">BK</subfield>
    <subfield code="1">0</subfield>
    <subfield code="2">ddc</subfield>
    <subfield code="5">0</subfield>
    <subfield code="7">0</subfield>
    <subfield code="8">GEN</subfield>
    <subfield code="f">P35</subfield>
    <subfield code="a">BUL</subfield>
    <subfield code="b">BUL</subfield>
    <subfield code="c">GEN</subfield>
    <subfield code="d">2025-12-10</subfield>
    <subfield code="e">Donaci&#xF3;n, David Echevarr&#xED;a</subfield>
    <subfield code="g">28.71</subfield>
  </datafield>
</record>
